Les Dames de Zamora. Secrets, stupre et pouvoirs dans l’Église espagnole du xiiie siècle, traduit par Sylvain Piron, Paris, Les Belles Lettres, coll. Histoire, 1998 (notice n° 1547348)
[ vue normale ]
| 000 -LEADER | |
|---|---|
| fixed length control field | 00649cam a2200169 4500500 |
| 005 - DATE AND TIME OF LATEST TRANSACTION | |
| control field | 20251012032454.0 |
| 041 ## - LANGUAGE CODE | |
| Language code of text/sound track or separate title | fre |
| 042 ## - AUTHENTICATION CODE | |
| Authentication code | dc |
| 100 10 - MAIN ENTRY--PERSONAL NAME | |
| Personal name | Linehan, Peter |
| Relator term | author |
| 245 00 - TITLE STATEMENT | |
| Title | Les Dames de Zamora. Secrets, stupre et pouvoirs dans l’Église espagnole du xiiie siècle, traduit par Sylvain Piron, Paris, Les Belles Lettres, coll. Histoire, 1998 |
| 260 ## - PUBLICATION, DISTRIBUTION, ETC. | |
| Date of publication, distribution, etc. | 2000.<br/> |
| 500 ## - GENERAL NOTE | |
| General note | 14 |
| 700 10 - ADDED ENTRY--PERSONAL NAME | |
| Personal name | Baladier, Charles |
| Relator term | author |
| 700 10 - ADDED ENTRY--PERSONAL NAME | |
| Personal name | Piron, Sylvain |
| Relator term | author |
| 786 0# - DATA SOURCE ENTRY | |
| Note | Sigila | 5 | 1 | 2000-06-20 | p. 183-184 | 1286-1715 |
| 856 41 - ELECTRONIC LOCATION AND ACCESS | |
| Uniform Resource Identifier | <a href="https://shs.cairn.info/revue-sigila-2000-1-page-183?lang=fr&redirect-ssocas=7080">https://shs.cairn.info/revue-sigila-2000-1-page-183?lang=fr&redirect-ssocas=7080</a> |
Pas d'exemplaire disponible.




Réseaux sociaux